| 000 | 00850 a2200205 4500 | ||
|---|---|---|---|
| 005 | 2008090806186.0 | ||
| 008 | 080908t xxu||||| |||| 00| 0 eng d | ||
| 010 | _aENG-87602 | ||
| 020 |
_a8179940438 _c45.00 |
||
| 035 | _aEN-71135 | ||
| 037 | _bDBAD / PUB | ||
| 082 | _a220.21 | ||
| 245 |
_aEssentials of Rig veda _bwith the text, translation and explanation of 62 mantras _cedited by R.L. Kashyap |
||
| 260 |
_aBangalore _bSri Aurbindo Kapil Sastry Institute of Vedic Culture _c2005 |
||
| 270 |
_a63, 13th main, 4th block East, Jayanagar _bBangalore |
||
| 300 |
_aix, 79 p. _c22 cm ( Pbk) |
||
| 700 | _aKashyap, R.L. | ||
| 942 |
_adpl _cEN _k220.21/ESS _2ddc _h220.21 _mESS |
||
| 999 |
_c6764 _d6764 |
||